000 00903ctm a2200265 i 4500
999 _c67703
_d67703
001 67703
003 Mx-PuUPA
005 20210506122350.0
008 140415s2015 mx r 000 0 spa d
020 _a9786070918643
040 _aMX-PuUPA
_bspa
_erda
_cMx-PuUPA
_dMx-PuUPA
041 0 _aspa
100 1 _aGonzález Vidaurri, Alicia,
_d1998
_eautor
245 1 0 _aCriminología /
_cAlicia González Vidaurri, Augusto Sánchez Sandoval ; prólogo y comentarios, Massimo Pavarini.
264 1 _aMéxico, D.F. :
_bEditorial Porrúa,
_c2015
300 _axv, 235 páginas ;
_c23 cm.
336 _atexto
_2rdacontent
_btxt
337 _asin medio
_2rdamedia
_bn
338 _avolumen
_2rdacarrier
_bnc
650 4 _aCriminología
700 1 _aSánchez Sandoval, Augusto,
_eautor
700 1 _aPavarini, Massimo,
_eprologuista
942 _h634
_iG635
_cLI
_2ddc